[Event "SLO-chT Central 2nd League"]
[Site "Slovenia"]
[Date "2010.11.11"]
[Round "8"]
[White "Bozic, Anton"]
[Black "Copi, Ambroz"]
[Result "1/2-1/2"]
[WhiteElo "2087"]
[BlackElo "1592"]
[PlyCount "120"]
[EventDate "2010.09.09"]
[EventType "team-tourn"]
[EventRounds "9"]
[EventCountry "SLO"]
[SourceTitle "EXT 2022"]
[Source "ChessBase"]
[SourceDate "2021.10.06"]
[SourceVersion "1"]
[SourceVersionDate "2021.10.06"]
[SourceQuality "1"]
[WhiteTeam "Duplica Balin"]
[BlackTeam "Dolenjske Toplice"]
[WhiteTeamCountry "SLO"]
[BlackTeamCountry "SLO"]

1. e4 d5 2. e5 c5 3. f4 Nc6 4. c3 e6 5. Nf3 Bd7 6. Bd3 Nge7 7. 0-0 Ng6 8. Ng5 Be7 9. Nh3 Qb6 10. Kh1 0-0 11. a3 f6 12. exf6 Rxf6 13. Bc2 Raf8 14. Qh5 Be8 15. g4 h6 16. f5 exf5 17. gxf5 Nge5 18. Qe2 c4 19. Nf4 Qb5 20. a4 Qa5 21. b4 cxb3 22. Bxb3 Rxf5 23. d4 Nc4 24. Bc2 R5f6 25. Qg4 Bd6 26. Rg1 R8f7 27. Nh5 Rf1 28. Bxh6 Rxg1+ 29. Kxg1 Qc7 30. Ng3 Bxg3 31. hxg3 Qe7 32. Bf4 Ne3 33. Qe2 Nxc2 34. Qxc2 Bd7 35. Nd2 Qe2 36. Rf1 Bh3 37. Rf2 Qg4 38. Nf1 Bxf1 39. Kxf1 Ne7 40. Qb3 Qd7 41. Kg2 Ng6 42. Be3 Rxf2+ 43. Bxf2 Ne7 44. Qc2 Qe6 45. Qd3 a6 46. Be3 Qf5 47. Qd2 Qg4 48. Kh2 Nf5 49. Bf4 Qg6 50. Qf2 Nh6 51. Qf3 Ng4+ 52. Kg2 Nf6 53. Be5 Nd7 54. Bf4 Nf6 55. Be5 Nd7 56. Qh5 Qf7 57. Qg4 Nb6 58. a5 Nc4 59. Qc8+ Kh7 60. Qh3+ Kg8 1/2-1/2